| 000 | 01044cam a22001934a 4500 | ||
|---|---|---|---|
| 005 | 20250605164104.0 | ||
| 008 | 250528s ||||||||||||||||||||||||d | ||
| 035 | _a17664 | ||
| 020 | _a9789605465032 | ||
| 040 |
_aGR-AtMCL _bgre _dGR-AtMCL _eAACR2 |
||
| 245 | 1 |
_aΧρηματοοικονομικές Αγορές. _nΤόμος 2 |
|
| 260 |
_bΠεδίο, _c2012 |
||
| 300 | _a256 | ||
| 520 | _aΑυτό το βιβλίο καλύπτει με επίκαιρο και συνολικό τρόπο το πώς λειτουργούν οι σύγχρονες χρηματοοικονομικές αγορές. Πρόλογος, Ευχαριστίες, Χρηματαγορές, Αγορές Ομολόγων - Κράτη και Εταιρίες, Οι Αγορές Συμβολαίων Μελλοντικής Εκπλήρωσης, Η Ρύθμιση του Χρηματοοικονομικού Τομέα, Η Χρηματοοικονομική Κρίση. | ||
| 700 | 1 |
_aArnold Glen _93852 |
|
| 942 | _cBK | ||
| 999 |
_c3066 _d3066 |
||